| 000 | 00000nam 2200000za 4500 |
| 001 | 9.700000 |
| 003 | CaOODSP |
| 005 | 20210625000633 |
| 007 | cr ||||||||||| |
| 008 | 150407|1965||||xxc|||||o f|0| 0 eng d |
| 040 | |aCaOODSP|beng |
| 043 | |an-cn--- |
| 086 | 1 |aCP32-114/1965E-PDF |
| 086 | 1 |aZ1-1964/2E-PDF |
| 110 | 1 |aCanada. |bPrivy Council Office. |
| 245 | 10|aSpecial Public Inquiry 1964 - report of the commissioner, the Honourable Frederic Dorion, Chief Justice of the Superior Court for the Province of Quebec |h[electronic resource]. |
| 260 | |aOttawa : |bPrivy Council Office, |c1965. |
| 300 | |a153 p. : |btables |
| 500 | |aHistorical publication digitized in 2010 by the Privy Council Office of Canada. |
| 590 | |a15-04-Supp|b2015-03-19 |
| 690 | 07|aCommissions of inquiry|2gcpds |
| 690 | 07|aCriminal investigations|2gcpds |
| 775 | 08|tEnquête publique spéciale 1964 - rapport du commissaire l'honorable Frédéric Dorion, juge en chef de la Cour supérieure pour la province de Québec |w(CaOODSP)9.643871 |
| 856 | 40|ahttp://publications.gc.ca|qPDF|s5.84 MB|uhttps://publications.gc.ca/collections/collection_2014/bcp-pco/CP32-114-1965-eng.pdf |